| 000 | 01176nam0a2200289 4500 | ||
|---|---|---|---|
| 001 | RU\NLR\BIBL_A\012103819 | ||
| 005 | 20240921171512.0 | ||
| 010 |
_a9785713507428 _93000 |
||
| 021 |
_aRU _b2019-64056 _9КН-П-4597 |
||
| 035 | _a(RuMoRGB)010079137 | ||
| 035 | _a(NLR Aleph) 012103819 | ||
| 090 |
_a11920910 _c11920910 |
||
| 100 | _a20190930d2019 u y0rusy50 ca | ||
| 101 | 0 | _arus | |
| 102 | _aRU | ||
| 105 | _aac f 010zy | ||
| 200 | 1 |
_aГордость Южного Урала _eпочетные граждане Челябинской области _eэнциклопедия _fредакционная коллегия: И. И. Вишев, кандидат исторических наук [и др.] |
|
| 210 |
_aЧелябинск _cКнига _d2019 |
||
| 215 |
_a588, [1] с. _cил., цв. ил., портр. _d30 |
||
| 606 | 1 |
_aПочетные граждане _yЧелябинская область _92426955 _3RU\NLR\AUTH\6601663261 |
|
| 686 | 1 | _aТ3(2Р-4Че)7-8 | |
| 702 | 1 |
_aВишев _bИ. И. _gИгорь Игоревич _4340 |
|
| 942 | _cBOOK | ||
| 980 | _aNBR | ||